000 00709nam a2200265Ia 4500
003 OSt
005 20221006143909.0
006 a|||||r|||| 00| 0
007 ta
008 221006b |||||||| |||| 00| 0 eng d
020 _c
_5.95
024 _a10,342
037 _cTextual
040 _aEASL
_cEASL
_beng
041 _2eng
_aeng
082 _aW.41xM53:g, K4
100 _aSCHWARTZ Benjamin
_9250906
245 0 _aIn search of wealth and power
_b Yen Fu and the west
260 _aCambridge
_bHarvard University Press
_c1964
300 _a298p.
_ccm.
490 _v CEL
650 _aCEL
942 _hW.41xM53:g, K4
_cTEXL
_2CC
999 _c1078428
_d1078428